00812nam a2200181 a 450000500170000000800410001702000180005805000230007610000220009924501330012126000400025430000350029444000310032950000490036052001800040965000190058965000220060820140412111421.0080103s19uu xx 00 eng d a0-590-30857-2 aTR(PS EbTh41 1997 aMaccarone , Grace aThree pigs, One wolf, and seven magic shapes /cGrace Maccarone; illustrated by David Neuhaus; math activities by Marilyn Burns. aNew York :bScholastic Inc,cc1997. a1 v. (unpaged):col. ill. ;23cm aHello Math Reader. Level 3 a"Cartwheel books." "Geometry"-- Cover 1 & 2 aTells the story of three pigs who acquire some magic shapes, which they use for various purposes, some smart and some not so smart. Includes a section with related activities. aShapexFiction aTangramsxFiction